<?xml version="1.0" encoding="UTF-8"?>
<record
    xmlns:xsi="http://www.w3.org/2001/XMLSchema-instance"
    xsi:schemaLocation="http://www.loc.gov/MARC21/slim http://www.loc.gov/standards/marcxml/schema/MARC21slim.xsd"
    xmlns="http://www.loc.gov/MARC21/slim">

  <leader>00805nam a22002537a 4500</leader>
  <controlfield tag="005">20170123162345.0</controlfield>
  <datafield tag="010" ind1=" " ind2=" ">
    <subfield code="a">A-941195</subfield>
  </datafield>
  <datafield tag="020" ind1=" " ind2=" ">
    <subfield code="c">150.00</subfield>
  </datafield>
  <datafield tag="035" ind1=" " ind2=" ">
    <subfield code="a">A-941195</subfield>
  </datafield>
  <datafield tag="037" ind1=" " ind2=" ">
    <subfield code="b">Cen Lib/Ret</subfield>
  </datafield>
  <datafield tag="040" ind1=" " ind2=" ">
    <subfield code="a">DPL</subfield>
    <subfield code="b">UR</subfield>
  </datafield>
  <datafield tag="082" ind1=" " ind2=" ">
    <subfield code="a">613</subfield>
    <subfield code="b">&#x627; &#x639; &#x638;</subfield>
  </datafield>
  <datafield tag="100" ind1=" " ind2=" ">
    <subfield code="a">&#x627;&#x639;&#x638;&#x645; &#x634;&#x627;&#x6C1; &#x62E;&#x627;&#x646; </subfield>
    <subfield code="9">506</subfield>
  </datafield>
  <datafield tag="245" ind1=" " ind2=" ">
    <subfield code="a">&#x633;&#x627;&#x626;&#x646;&#x633; &#x627;&#x648;&#x631; &#x632;&#x646;&#x62F;&#x6AF;&#x6CC; /</subfield>
    <subfield code="c">&#x627;&#x639;&#x638;&#x645; &#x634;&#x627;&#x6C1; &#x62E;&#x627;&#x646; </subfield>
  </datafield>
  <datafield tag="246" ind1=" " ind2=" ">
    <subfield code="a">Science aur zindagi /</subfield>
    <subfield code="b">by Azam Shah Khan </subfield>
  </datafield>
  <datafield tag="260" ind1=" " ind2=" ">
    <subfield code="a">&#x62F;&#x6C1;&#x644;&#x6CC; </subfield>
    <subfield code="b">&#x646;&#x627;&#x632;&#x634; &#x628;&#x6A9; &#x688;&#x67E;&#x648; </subfield>
    <subfield code="c">1998</subfield>
  </datafield>
  <datafield tag="270" ind1=" " ind2=" ">
    <subfield code="b">&#x62F;&#x6C1;&#x644;&#x6CC; </subfield>
    <subfield code="a">&#x679;&#x648;&#x646;&#x6A9; &#x664;&#x660;&#x660;&#x661;&#x60C; </subfield>
    <subfield code="e">110006</subfield>
  </datafield>
  <datafield tag="300" ind1=" " ind2=" ">
    <subfield code="a">160p.</subfield>
    <subfield code="c">21cm(Hb)</subfield>
  </datafield>
  <datafield tag="650" ind1=" " ind2=" ">
    <subfield code="a">&#x633;&#x627;&#x626;&#x646;&#x633;</subfield>
    <subfield code="9">130095</subfield>
  </datafield>
  <datafield tag="650" ind1=" " ind2=" ">
    <subfield code="a"> &#x633;&#x627;&#x626;&#x646;&#x633; &#x627;&#x648;&#x631; &#x631;&#x648;&#x632; &#x645;&#x631;&#x6C1; &#x6A9;&#x6CC; &#x632;&#x646;&#x62F;&#x6AF;&#x6CC;</subfield>
    <subfield code="9">130096</subfield>
  </datafield>
  <datafield tag="650" ind1=" " ind2=" ">
    <subfield code="a">Science</subfield>
    <subfield code="9">10795</subfield>
  </datafield>
  <datafield tag="650" ind1=" " ind2=" ">
    <subfield code="a">Science and daily life</subfield>
    <subfield code="9">130097</subfield>
  </datafield>
  <datafield tag="942" ind1=" " ind2=" ">
    <subfield code="2">ddc</subfield>
    <subfield code="c">UR</subfield>
    <subfield code="h">613</subfield>
    <subfield code="m">&#x627; &#x639; &#x638;</subfield>
  </datafield>
  <datafield tag="999" ind1=" " ind2=" ">
    <subfield code="c">108788</subfield>
    <subfield code="d">108788</subfield>
  </datafield>
  <datafield tag="952" ind1=" " ind2=" ">
    <subfield code="0">0</subfield>
    <subfield code="1">0</subfield>
    <subfield code="4">0</subfield>
    <subfield code="7">0</subfield>
    <subfield code="a">L</subfield>
    <subfield code="b">L</subfield>
    <subfield code="d">2016-02-04</subfield>
    <subfield code="e">Cen Lib/Ret</subfield>
    <subfield code="g">150.00</subfield>
    <subfield code="l">0</subfield>
    <subfield code="o">613 &#x627; &#x639; &#x638;</subfield>
    <subfield code="p">A-941195</subfield>
    <subfield code="r">2016-02-04 00:00:00</subfield>
    <subfield code="t">1</subfield>
    <subfield code="v">150.00</subfield>
    <subfield code="w">2016-02-04</subfield>
    <subfield code="y">UR</subfield>
  </datafield>
</record>
